000 00689nam a2200145Ia 4500
008 100415s9999 xx 000 0 und d
082 _b10172
_a595.76(54)
100 _aArrow GJ
245 _aThe Fauna of India including, Pakistan, Ceylon, Burma and Malaya Coleoptera Lamellicornia Lucanidae and Passalidae Vol. IV
260 _aNEW DELHI
_c1949
_bTODAY & TOMORROW'S PRINTERS &
365 _b0
630 _aThe Fauna of India including, Pakistan, Ceylon, Burma and Malaya Coleoptera Lamellicornia Lucanidae and Passalidae Vol. IV
730 _aThe Fauna of India including, Pakistan, Ceylon, Burma and Malaya Coleoptera Lamellicornia Lucanidae and Passalidae Vol. IV
942 _cBOOK
999 _c593101
_d593098